[Event "Cracovia 2010"]
[Site "Krakow"]
[Date "2011.01.02"]
[Round "6.12"]
[White "Gavrilov, Alexei"]
[Black "Skawinski, Arkadiusz"]
[Result "0-1"]
[WhiteElo "2488"]
[BlackElo "2249"]
[PlyCount "62"]
[EventDate "2011.??.??"]

1. e4 e6 2. d4 d5 3. Nd2 Be7 4. c3 c5 5. dxc5 Bxc5 6. Nb3 Bb6 7. exd5 exd5 8.
Nf3 Nf6 9. Bb5+ Nc6 10. Qe2+ Ne4 11. Be3 O-O 12. Nfd4 Bd7 13. O-O Qf6 14. Rad1
Rad8 15. Nc2 Bc7 16. Rxd5 Bg4 17. Qxg4 Rxd5 18. Bxc6 Qxc6 19. Nb4 Qd6 20. Bf4
Qd7 21. Qf3 Rf5 22. Rd1 Qe8 23. g3 Bxf4 24. gxf4 Ng5 25. Qe3 Rxf4 26. Nd5 Nf3+
27. Kg2 Nh4+ 28. Kh1 Re4 29. Qc1 Re2 30. Nc5 Qe5 31. c4 Rxf2 0-1

[Event "Cracovia 2010"]
[Site "Krakow"]
[Date "2011.01.02"]
[Round "6.13"]
[White "Cruz Alvarez De Ron, Dan"]
[Black "Shishkin, Vadim"]
[Result "0-1"]
[WhiteElo "2273"]
[BlackElo "2458"]
[PlyCount "62"]
[EventDate "2011.??.??"]

1. Nf3 Nf6 2. c4 g6 3. b4 Bg7 4. Bb2 O-O 5. e3 d6 6. d3 c5 7. b5 a6 8. a4 axb5
9. axb5 Rxa1 10. Bxa1 d5 11. cxd5 Nxd5 12. Bxg7 Kxg7 13. d4 cxd4 14. Qxd4+ f6
15. Bc4 Nb6 16. Be2 e5 17. Qc5 N8d7 18. Qd6 Na4 19. O-O Ndc5 20. Rd1 Qxd6 21.
Rxd6 Bf5 22. Nbd2 Kf7 23. Bf1 Ke7 24. Nc4 Nc3 25. Rd2 Ra8 26. Nh4 Bb1 27. g4
Ra1 28. Kg2 e4 29. f3 Bd3 30. Bxd3 exd3 31. Kg3 Rc1 0-1

[Event "Cracovia 2010"]
[Site "Krakow"]
[Date "2011.01.02"]
[Round "6.14"]
[White "Nguyen, Piotr"]
[Black "Toma, Katarzyna"]
[Result "1/2-1/2"]
[WhiteElo "2394"]
[BlackElo "2234"]
[PlyCount "71"]
[EventDate "2011.??.??"]

1. f4 c5 2. Nf3 Nc6 3. g3 d6 4. Bg2 e5 5. d3 g6 6. O-O Bg7 7. c3 Nge7 8. e4 O-O
9. f5 gxf5 10. Nh4 f4 11. gxf4 Ng6 12. Nf5 Bxf5 13. exf5 Nxf4 14. Bxf4 exf4 15.
Rxf4 Qg5 16. Qg4 Qxg4 17. Rxg4 Kh8 18. Kh1 Rae8 19. Be4 d5 20. Bxd5 Nb4 21. Bb3
Nxd3 22. Rg1 Re2 23. Na3 Nxb2 24. Rg3 Rd8 25. Bxf7 Be5 26. Rg2 Rxg2 27. Kxg2
Bxc3 28. Rc1 Nd1 29. Nb5 Rd2+ 30. Kf3 Bb4 31. Bb3 Rd3+ 32. Ke2 Rd2+ 33. Kf3
Rd3+ 34. Ke2 Rd2+ 35. Kf3 Rd3+ 36. Ke4 1/2-1/2

[Event "Cracovia 2010"]
[Site "Krakow"]
[Date "2011.01.02"]
[Round "6.15"]
[White "Voiteanu, Gabriel"]
[Black "Grinev, Valeriy"]
[Result "0-1"]
[WhiteElo "2262"]
[BlackElo "2361"]
[PlyCount "102"]
[EventDate "2011.??.??"]

1. d4 Nf6 2. c4 e6 3. Nf3 c5 4. d5 exd5 5. cxd5 d6 6. Nc3 g6 7. g3 Bg7 8. Bg2
O-O 9. O-O Nbd7 10. Bf4 Qe7 11. h3 Nh5 12. Bg5 f6 13. Bd2 f5 14. Ng5 f4 15. Ne6
fxg3 16. Bg5 Bf6 17. Nxf8 Bxg5 18. Ne6 gxf2+ 19. Kxf2 Ne5 20. Kg1 Be3+ 21. Kh1
Bxe6 22. dxe6 Ng3+ 23. Kh2 Nxf1+ 24. Qxf1 Rf8 25. Nd5 Qxe6 26. Qd1 Bf2 27. Qb3
Kh8 28. Qxb7 Nc4 29. Nc3 Qe5+ 30. Kh1 Ne3 31. Qe4 Qg3 32. Nd5 Nxd5 33. Qxd5 Bd4
34. Qb3 Qe5 35. Rf1 Rxf1+ 36. Bxf1 Qg5 37. Qb8+ Kg7 38. Qb7+ Kh6 39. Qg2 Bxb2
40. e3 Bc1 41. e4 Be3 42. Bc4 Bd4 43. Qxg5+ Kxg5 44. Bg8 h6 45. Bf7 Kf4 46.
Bxg6 c4 47. Kg2 c3 48. e5 dxe5 49. Kf1 Ke3 50. Ke1 e4 51. Kd1 Kd3 0-1

[Event "Cracovia 2010"]
[Site "Krakow"]
[Date "2011.01.02"]
[Round "6.16"]
[White "Soffer, Ram"]
[Black "Wandzik, Wojciech"]
[Result "1/2-1/2"]
[WhiteElo "2486"]
[BlackElo "2241"]
[PlyCount "163"]
[EventDate "2011.??.??"]

1. c4 e5 2. g3 Nf6 3. Bg2 d5 4. cxd5 Nxd5 5. Nc3 Nb6 6. Nf3 Nc6 7. O-O Be7 8.
a3 O-O 9. b4 Re8 10. d3 Bf8 11. Bb2 a5 12. b5 Nd4 13. e3 Nxf3+ 14. Bxf3 Rb8 15.
Qc2 Be6 16. Rfd1 Qc8 17. Na4 Bd6 18. Rac1 Qd7 19. Nxb6 cxb6 20. Qa4 Rbd8 21.
Rd2 Bb8 22. d4 Bg4 23. Bxg4 Qxg4 24. Qd1 Qd7 25. e4 Qxb5 26. a4 Qb4 27. Bc3 Qe7
28. d5 Bd6 29. Qb3 Bc5 30. Rdc2 Ra8 31. Kg2 Rec8 32. Bd2 Rc7 33. Be3 Rac8 34.
Qb5 Kf8 35. Bxc5 Rxc5 36. Rxc5 bxc5 37. Qxa5 c4 38. Rc3 g6 39. Qb6 Kg7 40. h4
h5 41. Qb5 Rc5 42. Qb6 Rc8 43. Qb5 Rc5 44. Qb4 Qc7 45. Kf1 f5 46. f3 Qc8 47.
Qb6 fxe4 48. fxe4 Rc7 49. Kg2 Rf7 50. Qe3 Qg4 51. Rxc4 Qd1 52. Rc1 Qxa4 53. Re1
Qc4 54. Qe2 Qd4 55. Rd1 Rf2+ 56. Qxf2 Qxd1 57. Qb2 Kg8 58. Kf2 Qd3 59. Qe2 Qd4+
60. Kf3 b6 61. Qc2 Kh7 62. Ke2 b5 63. Qd3 Qb2+ 64. Kf3 b4 65. d6 Qa3 66. Ke2
Qa2+ 67. Ke3 Qa7+ 68. Kd2 Qa2+ 69. Ke3 Qa7+ 70. Ke2 Qa2+ 71. Qd2 b3 72. d7 b2
73. d8=Q b1=Q 74. Qe7+ Kg8 75. Qe8+ Kh7 76. Qed7+ Kh8 77. Qc8+ Kh7 78. Qc7+ Kg8
79. Qcd8+ Kh7 80. Qe7+ Kg8 81. Qe8+ Kh7 82. Qe7+ 1/2-1/2

[Event "Cracovia 2010"]
[Site "Krakow"]
[Date "2011.01.02"]
[Round "6.17"]
[White "IM Mazur, Stefan"]
[Black "k Bukojemski, Adam"]
[Result "1/2-1/2"]
[WhiteElo "2389"]
[BlackElo "2240"]
[PlyCount "61"]
[EventDate "2011.??.??"]

1. e4 e5 2. Nf3 Nf6 3. Nxe5 d6 4. Nf3 Nxe4 5. Nc3 Nxc3 6. dxc3 Nc6 7. Bf4 Bg4
8. Be2 Be7 9. h3 Be6 10. Qd2 Qd7 11. O-O-O a6 12. Kb1 O-O-O 13. Rhe1 Kb8 14.
Nd4 Nxd4 15. Qxd4 Bf6 16. Qb4 Qc6 17. Bf3 Qb5 18. Qxb5 axb5 19. Be3 Rhe8 20.
Bd4 Bxd4 21. cxd4 Bd7 22. Kc1 c6 23. Kd2 Kc7 24. Rxe8 Rxe8 25. Re1 Rxe1 26.
Kxe1 b4 27. Kd2 Bf5 28. g4 Be6 29. Be4 h6 30. Kd3 d5 31. Bg2 1/2-1/2

[Event "Cracovia 2010"]
[Site "Krakow"]
[Date "2011.01.02"]
[Round "6.18"]
[White "Odnorozhenko, Evgenyi"]
[Black "Wcislo, Damian"]
[Result "0-1"]
[WhiteElo "2333"]
[BlackElo "2219"]
[PlyCount "152"]
[EventDate "2011.??.??"]

1. d4 d5 2. c4 c6 3. Nc3 Nf6 4. e3 g6 5. Nf3 Bg7 6. Be2 O-O 7. O-O dxc4 8. Bxc4
Nbd7 9. Bb3 b5 10. a3 a6 11. e4 Nb6 12. h3 Bb7 13. e5 Nfd5 14. Ne4 a5 15. Bd2
b4 16. Nc5 Qc7 17. Qc2 Bc8 18. Rfc1 Bf5 19. Qd1 f6 20. axb4 axb4 21. Na6 Qd7
22. Nxb4 Rxa1 23. Rxa1 Be4 24. exf6 Bxf6 25. Bh6 Bg7 26. Ne5 Qf5 27. Ng4 Kh8
28. Bxg7+ Kxg7 29. Nxd5 Bxd5 30. f3 Qf4 31. Bxd5 Nxd5 32. Qd3 h5 33. Ne5 Qg3
34. Kh1 Rf5 35. Qd2 Rg5 36. b4 Nf4 37. Ra2 Nxg2 38. Qxg2 Qe1+ 39. Kh2 Rxg2+ 40.
Rxg2 Qxb4 41. Rxg6+ Kh7 42. Re6 Qxd4 43. Rxe7+ Kg8 44. Kg2 c5 45. Re6 c4 46.
Nxc4 Qxc4 47. Re4 Qc2+ 48. Kg3 Qc7+ 49. Kg2 Qg7+ 50. Kf2 Qb2+ 51. Kf1 Qh2 52.
h4 Kf7 53. Rc4 Ke6 54. Ra4 Ke5 55. Re4+ Kd5 56. Ra4 Qd2 57. Re4 Qh2 58. Ra4 Kc6
59. Rc4+ Kd6 60. Rd4+ Kc5 61. Re4 Kb5 62. Rd4 Qg3 63. Ke2 Qg2+ 64. Ke3 Qg1+ 65.
Ke4 Qe1+ 66. Kf5 Qg3 67. Rf4 Kc5 68. Ke5 Qe1+ 69. Kf6 Qe3 70. Rf5+ Kd6 71. Rxh5
Qxf3+ 72. Rf5 Qc3+ 73. Kg6 Ke6 74. Rg5 Qh8 75. Rg4 Qg8+ 76. Kh5 Qh7+ 0-1

[Event "Cracovia 2010"]
[Site "Krakow"]
[Date "2011.01.02"]
[Round "6.19"]
[White "I++ Mucha, Roman"]
[Black "Kalvaitis, Sigitas"]
[Result "0-1"]
[WhiteElo "2166"]
[BlackElo "2327"]
[PlyCount "54"]
[EventDate "2011.??.??"]

1. e4 e6 2. d4 d5 3. e5 c5 4. Nf3 Nc6 5. Bd3 Bd7 6. O-O cxd4 7. Bf4 Be7 8. Bg3
g5 9. h3 h5 10. Nbd2 Nh6 11. Nb3 h4 12. Bh2 Qb6 13. Be2 g4 14. Nfxd4 g3 15.
fxg3 Nf5 16. Rxf5 exf5 17. Kh1 hxg3 18. Bxg3 O-O-O 19. c3 Rdg8 20. Bf4 Bg5 21.
Qd2 Nxd4 22. cxd4 Qh6 23. Bxg5 Rxg5 24. Qc3+ Kb8 25. Rc1 Bc6 26. Na5 Rg6 27.
Bb5 Rg3 0-1

[Event "Cracovia 2010"]
[Site "Krakow"]
[Date "2011.01.02"]
[Round "6.20"]
[White "Granovskiy, Alexandr"]
[Black "Obrusnik, Michal"]
[Result "0-1"]
[WhiteElo "2312"]
[BlackElo "2204"]
[PlyCount "118"]
[EventDate "2011.??.??"]

1. d4 Nf6 2. Bg5 d5 3. Bxf6 gxf6 4. e3 c5 5. c4 e6 6. cxd5 Qxd5 7. Nc3 Qd8 8.
Qh5 cxd4 9. O-O-O Bg7 10. exd4 f5 11. Bb5+ Bd7 12. Bxd7+ Nxd7 13. g4 Nf6 14.
Qg5 h6 15. Qf4 fxg4 16. Nge2 Qa5 17. h3 Qg5 18. hxg4 Nxg4 19. Rhg1 Qxf4+ 20.
Nxf4 h5 21. Nxh5 Bh6+ 22. f4 Nf2 23. Rdf1 Nd3+ 24. Kc2 Nb4+ 25. Kb3 Nc6 26. d5
Nd4+ 27. Kc4 Nc2 28. Kd3 Nb4+ 29. Ke2 O-O-O 30. dxe6 fxe6 31. Rd1 Rxd1 32. Nxd1
Bf8 33. Rh1 Nxa2 34. Nf2 Nb4 35. Rc1+ Nc6 36. Ng3 Bd6 37. Nd3 Kd7 38. Rh1 Nd4+
39. Ke3 Nf5+ 40. Kf3 Rxh1 41. Nxh1 a5 42. Nhf2 b5 43. Ne4 a4 44. Nc3 Kc6 45.
Ke4 Kb6 46. Kf3 Ka5 47. Ne4 b4 48. Ke2 a3 49. bxa3 bxa3 50. Nc3 Nd4+ 51. Kd1
Nb5 52. Na2 Ka4 53. Kc2 Nd4+ 54. Kd2 Kb3 55. Nac1+ Kc4 56. Na2 Nb3+ 57. Ke3 Nc5
58. Ndc1 Bc7 59. Kf3 Nd3 0-1

[Event "Cracovia 2010"]
[Site "Krakow"]
[Date "2011.01.02"]
[Round "6.21"]
[White "Rawicz, Karol"]
[Black "Szuper, Paul"]
[Result "1-0"]
[WhiteElo "2300"]
[BlackElo "2174"]
[PlyCount "44"]
[EventDate "2011.??.??"]

1. d4 e6 2. c4 b6 3. Nc3 Bb7 4. e4 Bb4 5. f3 f5 6. exf5 Nh6 7. fxe6 Nf5 8. Nge2
O-O 9. Qd3 Nc6 10. Be3 dxe6 11. O-O-O e5 12. d5 Na5 13. Ng3 Nd6 14. b3 Bc8 15.
Qc2 Nab7 16. Bd3 Qh4 17. Nce4 h6 18. Qb2 Qe7 19. Kb1 a5 20. a4 Nf5 21. Nxf5
Bxf5 22. Ng3 Bd7 1-0

[Event "Cracovia 2010"]
[Site "Krakow"]
[Date "2011.01.02"]
[Round "6.22"]
[White "Vaicekauskas, Gytis"]
[Black "Gbyl, Andrzej"]
[Result "0-1"]
[WhiteElo "1972"]
[BlackElo "2286"]
[PlyCount "54"]
[EventDate "2011.??.??"]

1. e4 d5 2. exd5 Nf6 3. d4 Nxd5 4. Bd3 Nc6 5. Ne2 Bg4 6. f3 Bh5 7. c4 Nb6 8.
Be3 Bg6 9. Bxg6 hxg6 10. b3 e5 11. d5 Bb4+ 12. Nbc3 Ne7 13. a3 Nf5 14. Bf2
Bxc3+ 15. Nxc3 Qg5 16. g3 Nxg3 17. Rg1 Rxh2 18. Ne4 Nxe4 19. Rxg5 Nxg5 20. Ke2
Nh3 21. Ke3 Nxf2 22. Qg1 Rh1 23. Qg3 Rxa1 24. Qxe5+ Kf8 25. Qxa1 Nh3 26. Qd4
Re8+ 27. Kd3 g5 0-1

[Event "Cracovia 2010"]
[Site "Krakow"]
[Date "2011.01.02"]
[Round "6.23"]
[White "Barski, Radoslaw"]
[Black "Khalafova, Narmin Ilgar Qizi"]
[Result "1-0"]
[WhiteElo "2278"]
[BlackElo "2130"]
[PlyCount "55"]
[EventDate "2011.??.??"]

1. e4 c5 2. Nf3 d6 3. d4 Nf6 4. Nc3 cxd4 5. Nxd4 a6 6. Bg5 Nbd7 7. Bc4 Qb6 8.
Qd2 Qxb2 9. Rb1 Qa3 10. O-O Qc5 11. Bd5 Qc7 12. f4 h6 13. Bh4 e5 14. fxe5 dxe5
15. Nf5 g6 16. Ne3 Bg7 17. Bb3 O-O 18. Kh1 Qc5 19. Rbd1 b5 20. Ned5 g5 21. Bf2
Qa3 22. Nb1 Qb2 23. Qe2 Bb7 24. Be1 Nxd5 25. Rxd5 Qxb1 26. Rxd7 Bc6 27. Rc7 Be8
28. Bc3 1-0

[Event "Cracovia 2010"]
[Site "Krakow"]
[Date "2011.01.02"]
[Round "6.24"]
[White "Jacko-jun., Vladimir"]
[Black "Gonzalez Diaz, Julio"]
[Result "1-0"]
[WhiteElo "2163"]
[BlackElo "2259"]
[PlyCount "104"]
[EventDate "2011.??.??"]

1. c4 e5 2. g3 f5 3. Bg2 Nf6 4. Nc3 d6 5. d3 Be7 6. Nf3 O-O 7. O-O Qe8 8. d4 e4
9. Ne1 Qf7 10. d5 c5 11. f3 exf3 12. exf3 a6 13. Nc2 Nbd7 14. b3 Ne5 15. f4
Neg4 16. h3 Nh6 17. Qd3 Bd7 18. b4 b6 19. a4 a5 20. bxc5 bxc5 21. Rb1 Rab8 22.
Bd2 Ne4 23. Nxe4 fxe4 24. Qe2 Nf5 25. Kh2 Bxa4 26. Qxe4 Bb3 27. Qd3 a4 28. Be4
g6 29. g4 Nd4 30. Nxd4 cxd4 31. g5 Qg7 32. f5 gxf5 33. Rxf5 Rxf5 34. Bxf5 Rf8
35. Bf4 Bxc4 36. Qe4 Bb3 37. Rc1 a3 38. Rc7 Re8 39. Qe6+ Kh8 40. Ra7 a2 41. Kg2
d3 42. Bxd6 Qxg5+ 43. Bg3 Qd2+ 44. Bf2 Qg5+ 45. Kf3 Qf6 46. Rxe7 Bd1+ 47. Kf4
Qxe6 48. Bd4+ Kg8 49. Bxe6+ Kf8 50. Rf7+ Kg8 51. Ra7+ Rxe6 52. dxe6 Bb3 1-0

[Event "Cracovia 2010"]
[Site "Krakow"]
[Date "2011.01.02"]
[Round "6.25"]
[White "Przezdziecka, Marta"]
[Black "Janus, Przemyslaw"]
[Result "1/2-1/2"]
[WhiteElo "2249"]
[BlackElo "2126"]
[PlyCount "111"]
[EventDate "2011.??.??"]

1. c4 e5 2. g3 Nc6 3. Bg2 d6 4. Nc3 g6 5. e3 Bg7 6. Nge2 Nf6 7. O-O O-O 8. d3
h6 9. Rb1 Be6 10. Nd5 Nd7 11. b4 a6 12. a4 Rb8 13. Ba3 Ne7 14. d4 f5 15. Rc1 e4
16. Nxe7+ Qxe7 17. f3 exf3 18. Rxf3 Bf7 19. Qd3 Rfe8 20. Nc3 Nf6 21. Re1 Qe6
22. d5 Qd7 23. Rff1 Re7 24. Bf3 Rbe8 25. Bc1 g5 26. Bd2 Bg6 27. Qc2 Bh7 28. Qc1
Ne4 29. Nxe4 fxe4 30. Bh5 Rf8 31. Rxf8+ Bxf8 32. Bc3 Bg7 33. Rf1 Bf5 34. Bxg7
Rxg7 35. Qa1 Bg4 36. Bxg4 Qxg4 37. Qf6 h5 38. Qf5 Qxf5 39. Rxf5 Kh7 40. Rf8 Rg8
41. Rf2 Kg6 42. Kg2 Rb8 43. h4 gxh4 44. gxh4 c6 45. Rf4 cxd5 46. cxd5 Re8 47.
Kf2 Re5 48. Ke2 b6 49. Ke1 Rxd5 50. Rxe4 Rd3 51. Ke2 Rb3 52. Kf3 Kf5 53. Rf4+
Ke5 54. Re4+ Kf5 55. Rf4+ Ke5 56. Re4+ 1/2-1/2

[Event "Cracovia 2010"]
[Site "Krakow"]
[Date "2011.01.02"]
[Round "6.26"]
[White "Duda, Jan-Krzysztof"]
[Black "Krasiewicz, Robert"]
[Result "1-0"]
[WhiteElo "2247"]
[BlackElo "2055"]
[PlyCount "109"]
[EventDate "2011.??.??"]

1. d4 Nf6 2. c4 e6 3. Nc3 d5 4. Nf3 c6 5. e3 Nbd7 6. Qc2 Bd6 7. b3 O-O 8. Bb2
Re8 9. Bd3 a6 10. O-O b5 11. e4 b4 12. e5 bxc3 13. Bxc3 Be7 14. exf6 Nxf6 15.
Ne5 Bb7 16. c5 h6 17. f4 Nd7 18. Ba5 Qc8 19. Bh7+ Kf8 20. Bg6 fxg6 21. Qxg6
Nxe5 22. fxe5+ Kg8 23. Rf7 Bf8 24. Raf1 Re7 25. Rxe7 Bxe7 26. Qf7+ Kh8 27. Qxe7
Rb8 28. Rf7 Qg8 29. Bb6 Ba8 30. Qxe6 Rf8 31. Rxf8 Qxf8 32. g4 Bb7 33. Qf5 Qxf5
34. gxf5 Bc8 35. e6 g6 36. e7 Bd7 37. f6 Kg8 38. Bc7 Kf7 39. Be5 Bf5 40. Kf2
Bb1 41. a3 Bc2 42. Ke3 Bxb3 43. Kd2 a5 44. Bc7 a4 45. Kc3 g5 46. Kb4 Bc2 47.
Ka5 Bg6 48. Be5 h5 49. Kxa4 h4 50. Ka5 g4 51. Kb6 g3 52. hxg3 hxg3 53. Bxg3
Kxf6 54. Bh4+ Ke6 55. a4 1-0

[Event "Cracovia 2010"]
[Site "Krakow"]
[Date "2011.01.02"]
[Round "6.27"]
[White "Bukhteeva, Viktoria"]
[Black "Malec, Sebastian"]
[Result "1-0"]
[WhiteElo "2136"]
[BlackElo "2210"]
[PlyCount "89"]
[EventDate "2011.??.??"]

1. e4 e6 2. d4 d5 3. Nd2 Be7 4. Ngf3 Nf6 5. e5 Nfd7 6. Bd3 c5 7. c3 Nc6 8. O-O
Qb6 9. dxc5 Nxc5 10. Bc2 a5 11. Nb3 Qc7 12. Qe2 b6 13. Nbd4 Ba6 14. Nb5 Qd7 15.
a4 O-O 16. Nfd4 f6 17. Qh5 f5 18. Re1 g6 19. Qf3 Ne4 20. Nxc6 Qxc6 21. Nd4 Qd7
22. Qh3 Ng5 23. Qg3 Ne4 24. Qh3 Rac8 25. f3 Nc5 26. Bh6 Rf7 27. Red1 Kh8 28. b4
axb4 29. cxb4 Bc4 30. bxc5 bxc5 31. Nb5 f4 32. Qg4 d4 33. Be4 Bb3 34. Rd2 c4
35. Kh1 d3 36. Bxf4 Bb4 37. Rb2 d2 38. Nd6 Rxf4 39. Qxf4 c3 40. Rxb3 Bxd6 41.
exd6 Qxa4 42. Qf6+ Kg8 43. Qxe6+ Kg7 44. Rb7+ Kh6 45. Rxh7+ 1-0

[Event "Cracovia 2010"]
[Site "Krakow"]
[Date "2011.01.02"]
[Round "6.28"]
[White "Sadikhov, Ulvi Ramil Oglu"]
[Black "Kulon, Klaudia"]
[Result "0-1"]
[WhiteElo "2115"]
[BlackElo "2208"]
[PlyCount "108"]
[EventDate "2011.??.??"]

1. e4 e5 2. Nf3 Nc6 3. Bb5 a6 4. Ba4 Nf6 5. O-O b5 6. Bb3 Be7 7. Re1 d6 8. c3
O-O 9. h3 Na5 10. Bc2 c5 11. d4 Qc7 12. Nbd2 cxd4 13. cxd4 Nc6 14. Nb3 a5 15.
Be3 a4 16. Nbd2 Bd7 17. Rc1 Rac8 18. Bd3 Qb8 19. Qe2 Nb4 20. Bb1 Rfe8 21. d5
Na6 22. Nh2 Bf8 23. Ng4 Nxg4 24. hxg4 g6 25. g3 Nc5 26. f3 b4 27. Qh2 Bb5 28.
Kf2 f6 29. Rh1 Re7 30. Kg2 Nd3 31. Bxd3 Bxd3 32. Bh6 Bxh6 33. Qxh6 Bc2 34. Qe3
Rec7 35. Rhf1 Qb5 36. Rfe1 Rc5 37. Qg1 a3 38. b3 Bd3 39. Rxc5 Rxc5 40. Rc1 Kf8
41. Qh1 Rxc1 42. Qxc1 Qc5 43. Qxc5 dxc5 44. Kf2 Bc2 45. Ke2 Ke7 46. Ke1 Kd8 47.
Ke2 Kc7 48. Ke1 g5 49. Ke2 h6 50. Ke1 c4 51. Nxc4 Bxb3 52. Nd2 Bxa2 53. Kd1 Bb1
54. Kc1 Bd3 0-1

[Event "Cracovia 2010"]
[Site "Krakow"]
[Date "2011.01.02"]
[Round "6.29"]
[White "Kireev, Andrey"]
[Black "Swiech, Przemyslaw"]
[Result "0-1"]
[WhiteElo "2127"]
[BlackElo "2207"]
[PlyCount "88"]
[EventDate "2011.??.??"]

1. e4 c5 2. Nf3 Nc6 3. Nc3 e5 4. Bc4 Be7 5. d3 Nf6 6. Nd2 O-O 7. Nf1 d6 8. Ne3
Nd4 9. O-O Kh8 10. f4 exf4 11. Rxf4 g6 12. a3 Rb8 13. b4 b5 14. Ba2 Be6 15. Bb2
Nd7 16. Ncd5 Bg5 17. Rf2 f5 18. exf5 gxf5 19. Nf4 Bxa2 20. Rxa2 Qe8 21. Ned5
Qf7 22. c4 Ne5 23. Qa1 Bh6 24. bxc5 dxc5 25. Ne2 bxc4 26. Nxd4 Rxb2 27. Raxb2
cxd4 28. dxc4 Nxc4 29. Rb5 Bg7 30. Qf1 Nd6 31. Ra5 Ne4 32. Rc2 f4 33. Qd3 Ng5
34. Rc7 Qe6 35. Re7 Qc6 36. Raxa7 f3 37. Rac7 Nh3+ 38. gxh3 f2+ 39. Kf1 Qxd5
40. Re4 Qg5 41. Rg4 Qe5 42. Rc1 Qxh2 43. Qe4 Qxh3+ 44. Ke2 f1=Q+ 0-1

[Event "Cracovia 2010"]
[Site "Krakow"]
[Date "2011.01.02"]
[Round "6.30"]
[White "Jakubiec, Edyta"]
[Black "Izzat, Kanan Azar Oglu"]
[Result "1-0"]
[WhiteElo "2189"]
[BlackElo "2112"]
[PlyCount "143"]
[EventDate "2011.??.??"]

1. Nf3 Nf6 2. c4 g6 3. Nc3 d5 4. Qa4+ Bd7 5. Qb3 dxc4 6. Qxc4 Bg7 7. e4 O-O 8.
e5 Ne8 9. d4 Na6 10. Be2 c5 11. dxc5 Be6 12. Qh4 f6 13. Bxa6 bxa6 14. O-O Qc8
15. Be3 fxe5 16. Ng5 Nf6 17. Nce4 h5 18. Nxe6 Qxe6 19. Ng5 Qg4 20. Qxg4 Nxg4
21. Bd2 Rfc8 22. Rac1 Rab8 23. b3 Rb5 24. b4 Bh6 25. Rc4 Rd8 26. c6 Rbd5 27.
Bc1 Rd4 28. Rc2 Rc8 29. h3 Bxg5 30. Bxg5 Nf6 31. a3 Kf7 32. Re1 Ke6 33. Be3 Rd6
34. c7 Rd7 35. Bxa7 Rcxc7 36. Rxc7 Rxc7 37. Bb8 Rc6 38. Rxe5+ Kd7 39. Kh2 Rb6
40. Ba7 Re6 41. Ra5 Ne4 42. Be3 Nc3 43. Rc5 Rc6 44. Re5 Re6 45. Ra5 Ne4 46. g3
Kc7 47. Kg2 Kb7 48. Kf3 Nd6 49. Rc5 Rf6+ 50. Ke2 Re6 51. Kd3 Nb5 52. a4 Nd6 53.
Bf4 Ne4 54. Rc7+ Kb6 55. a5+ Kb5 56. Rb7+ Ka4 57. Be3 Nd6 58. Rb6 Re5 59. Bc5
Rd5+ 60. Ke2 Ne4 61. Rxa6 Nxc5 62. bxc5 Rxc5 63. Rxg6 Kxa5 64. Re6 h4 65. gxh4
Rc3 66. f3 Rc4 67. Re4 Rc2+ 68. Ke3 Rh2 69. Rxe7 Rxh3 70. Rb7 Rxh4 71. f4 Rh8
72. f5 1-0

[Event "Cracovia 2010"]
[Site "Krakow"]
[Date "2011.01.02"]
[Round "6.31"]
[White "Veltkamp, Gerben"]
[Black "Lewtak, Damian"]
[Result "1-0"]
[WhiteElo "2171"]
[BlackElo "2100"]
[PlyCount "97"]
[EventDate "2011.??.??"]

1. c4 c6 2. Nf3 Nf6 3. d4 d5 4. Nc3 dxc4 5. e4 b5 6. e5 Nd5 7. a4 Qa5 8. Bd2 b4
9. Na2 c3 10. bxc3 Nxc3 11. Qb3 Be6 12. Qxb4 Qxb4 13. Nxb4 Ne4 14. Rc1 Nxd2 15.
Nxd2 a5 16. Nxc6 Nxc6 17. Rxc6 Bd7 18. Bb5 Kd8 19. Rb6 e6 20. Ke2 Bb4 21. Bxd7
Kxd7 22. Rb7+ Kc6 23. Rxf7 Bxd2 24. Kxd2 Rab8 25. Rc1+ Kd5 26. Kd3 Rb3+ 27. Rc3
Rxc3+ 28. Kxc3 Ke4 29. Kc4 Rb8 30. f3+ Ke3 31. Kc5 Rd8 32. Rxg7 Rxd4 33. Rxh7
Rd5+ 34. Kb6 Rxe5 35. Rc7 Rg5 36. Rc2 Rh5 37. Rb2 Kd4 38. Re2 e5 39. Re4+ Kd5
40. Re2 Rxh2 41. Kxa5 Rh8 42. Kb6 Rh1 43. Rb2 Rh8 44. Ra2 Rb8+ 45. Kc7 Rg8 46.
a5 Kc5 47. Kd7 Kd5 48. Ke7 e4 49. fxe4+ 1-0

[Event "Cracovia 2010"]
[Site "Krakow"]
[Date "2011.01.02"]
[Round "6.32"]
[White "Siwiec, Arkadiusz"]
[Black "Koykka, Pekka"]
[Result "1/2-1/2"]
[WhiteElo "2105"]
[BlackElo "2142"]
[PlyCount "79"]
[EventDate "2011.??.??"]

1. e4 Nf6 2. e5 Nd5 3. d4 d6 4. Nf3 dxe5 5. Nxe5 c6 6. c4 Nb4 7. a3 Qxd4 8. Qe2
Nc2+ 9. Qxc2 Qxe5+ 10. Be3 Bf5 11. Qd2 e6 12. f4 Qc7 13. Nc3 Nd7 14. Qf2 Be7
15. Be2 h5 16. O-O b6 17. b4 Nf6 18. Bd4 Rd8 19. Rad1 O-O 20. c5 b5 21. Qg3 Bg6
22. Bf3 Rd7 23. Be5 Qc8 24. Rxd7 Nxd7 25. Bd4 Bf6 26. Rd1 Bxd4+ 27. Rxd4 Nf6
28. Rd6 Nd5 29. Nxd5 exd5 30. Qg5 Qa6 31. f5 Bxf5 32. Qxf5 Qxa3 33. Bxh5 g6 34.
Qe5 Qc1+ 35. Kf2 gxh5 36. Rxc6 Qd2+ 37. Kg3 Qd3+ 38. Kf2 Qd2+ 39. Kf3 Qd3+ 40.
Kf2 1/2-1/2

[Event "Cracovia 2010"]
[Site "Krakow"]
[Date "2011.01.02"]
[Round "6.34"]
[White "Chrzaszcz, Malvina"]
[Black "Mrva, Vladimir"]
[Result "1/2-1/2"]
[WhiteElo "2054"]
[BlackElo "2128"]
[PlyCount "31"]
[EventDate "2011.??.??"]

1. e4 e5 2. Nf3 Nc6 3. Bb5 a6 4. Ba4 Nf6 5. O-O b5 6. Bb3 Be7 7. Re1 O-O 8. h3
d6 9. c3 Na5 10. Bc2 c5 11. d4 Qc7 12. Nbd2 cxd4 13. cxd4 Bd7 14. Nf1 Rfc8 15.
Bd3 Nc6 16. Be3 1/2-1/2

[Event "Cracovia 2010"]
[Site "Krakow"]
[Date "2011.01.02"]
[Round "6.35"]
[White "Kumor, Lukasz"]
[Black "Motyl, Tomasz"]
[Result "1-0"]
[WhiteElo "2178"]
[BlackElo "2035"]
[PlyCount "85"]
[EventDate "2011.??.??"]

1. e4 g6 2. d4 d6 3. Be3 Nd7 4. Nc3 e5 5. Qd2 Bg7 6. Nge2 a6 7. O-O-O Ngf6 8.
f3 exd4 9. Nxd4 Nc5 10. h4 h5 11. Bc4 b5 12. Bd5 Nxd5 13. exd5 Bd7 14. Bg5 f6
15. Rhe1+ Kf7 16. Bf4 b4 17. Ne4 Nxe4 18. Rxe4 f5 19. Bg5 Bf6 20. Ne6 Bxe6 21.
Rxe6 Bxg5 22. hxg5 Re8 23. Rde1 Rxe6 24. dxe6+ Ke7 25. Qxb4 Qh8 26. Qc4 Ra7 27.
c3 a5 28. Qa4 c5 29. Qc6 Qa8 30. Qb6 Rb7 31. Qc6 Ra7 32. Qb5 Qd5 33. Qa4 c4 34.
Qc2 Rb7 35. Qf2 Qc5 36. Qe2 Rb5 37. Qd2 Qd5 38. Qe3 Qc5 39. Qd2 Qd5 40. Qf4 a4
41. a3 Rb6 42. g4 hxg4 43. Qh2 1-0

[Event "Cracovia 2010"]
[Site "Krakow"]
[Date "2011.01.02"]
[Round "6.36"]
[White "Lohou, Stephane"]
[Black "Gawronski, Lukasz"]
[Result "0-1"]
[WhiteElo "2165"]
[BlackElo "2043"]
[PlyCount "115"]
[EventDate "2011.??.??"]

1. e4 e5 2. f4 exf4 3. Bc4 Nf6 4. Nc3 c6 5. Bb3 d5 6. exd5 Nxd5 7. Nxd5 cxd5 8.
d4 Qh4+ 9. Kf1 Be6 10. Nf3 Qf6 11. Qe2 Be7 12. Qe5 Qxe5 13. dxe5 a5 14. Ba4+
Nd7 15. Bxf4 O-O 16. Rd1 Rfc8 17. Bxd7 Bxd7 18. Rxd5 Be6 19. Rd2 Bxa2 20. Kf2
Bb4 21. c3 Bc5+ 22. Be3 Bb3 23. Nd4 Ba4 24. Nf5 Bxe3+ 25. Kxe3 Rc5 26. Kf4 Re8
27. Re1 f6 28. Nd6 fxe5+ 29. Ke3 Re7 30. Rf1 h6 31. Ne4 Rc4 32. Nd6 Rg4 33. g3
Bc6 34. Nc8 Re4+ 35. Kf2 Rf7+ 36. Kg1 Rxf1+ 37. Kxf1 Rc4 38. Kf2 a4 39. Nd6 Rc5
40. c4 Kf8 41. Ke2 Ke7 42. Nf5+ Kf6 43. Ne3 Ke6 44. Rd8 Bd7 45. Rg8 Kf7 46. Rd8
Be6 47. Rb8 Bxc4+ 48. Nxc4 Rxc4 49. Rxb7+ Kf6 50. Kd3 Rd4+ 51. Ke3 g6 52. h3 h5
53. Rb8 Rd1 54. Rb4 Rg1 55. Kf2 Rb1 56. Rxa4 Rxb2+ 57. Kf3 Rb3+ 58. Kf2 0-1

[Event "Cracovia 2010"]
[Site "Krakow"]
[Date "2011.01.02"]
[Round "6.37"]
[White "Janik, Andrzej"]
[Black "Gorbatenko, Kateryna"]
[Result "0-1"]
[WhiteElo "1918"]
[BlackElo "2138"]
[PlyCount "70"]
[EventDate "2011.??.??"]

1. c4 c5 2. Nf3 Nc6 3. d4 cxd4 4. Nxd4 g6 5. Nc3 Bg7 6. Nxc6 bxc6 7. e4 Rb8 8.
Be2 Qa5 9. Qc2 Bxc3+ 10. bxc3 Nf6 11. O-O Qe5 12. f3 Qc5+ 13. Kh1 d6 14. Bh6
Be6 15. Rfb1 Kd7 16. Qd3 Nh5 17. g4 Nf6 18. Be3 Qa5 19. e5 Qxe5 20. Bxa7 Rxb1+
21. Rxb1 Rc8 22. Bd4 Qg5 23. Rb7+ Ke8 24. Bf2 Nd7 25. Qd4 Qe5 26. Qd2 c5 27.
Bg3 Qg7 28. f4 f5 29. gxf5 Bxf5 30. Bf3 Qf6 31. a4 Qe6 32. Bd5 Be4+ 33. Kg1
Bxd5 34. cxd5 Qe4 35. Bh4 Ra8 0-1